000 02562cam a2200301 4500500
005 20260405000857.0
041 _afre
042 _adc
100 1 0 _aMouatif, Mouna
_eauthor
700 1 0 _aEl Agy, Majda
_eauthor
245 0 0 _aPost-failure entrepreneurial resilience: The role of learning and sensemaking
260 _c2026.
500 _a1
520 _aThis study addresses a gap in the literature on post-failure resilience by exploring how entrepreneurs convert failure into learning. Drawing on sensemaking and causal attribution theory, it examines ten narratives of Moroccan entrepreneurs who successfully recovered following a total business failure. Analysis using a narrative approach and cognitive mapping shows that attribution type (internal, external, or mixed) and critical reflection are central to sensemaking, stimulating learning and fostering entrepreneurial resilience. The study proposes an integrative framework connecting failure, learning, sensemaking, and resilience, while outlining theoretical and practical implications for post-failure entrepreneurial support.
520 _aCette recherche comble un gap dans la littérature sur la résilience post-échec en examinant comment les entrepreneurs transforment l’échec en apprentissage. En mobilisant la théorie du sensemaking et des attributions causales, elle analyse dix discours d’entrepreneurs marocains qui ont rebondi après un échec total. L’approche narrative et l’analyse par cartes cognitives révèlent que la nature des attributions (internes, externes ou mixtes) et la réflexion critique sont au cœur du sensemaking et engendrent l’apprentissage, favorisant ainsi la résilience entrepreneuriale post-échec. L’étude propose un cadre intégratif reliant l’échec, l’apprentissage, le sensemaking, la résilience, et met en évidence des implications théoriques et managériales pour l’accompagnement post-échec.
690 _aapprentissage entrepreneurial
690 _aattributions causales
690 _acartes cognitives
690 _arésilience de l’entrepreneur
690 _asensemaking
690 _acausal attributions
690 _acognitive maps
690 _aentrepreneur’s resilience
690 _aentrepreneurial learning
690 _asensemaking
786 0 _nRevue de l’Entrepreneuriat / Review of Entrepreneurship | Pub. anticipées | 2026-01-23 | p. I-XLIV | 1766-2524
856 4 1 _uhttps://shs.cairn.info/journal-review-of-entrepreneurship-2026-0-page-I23?lang=en&redirect-ssocas=7080
999 _c2041710
_d2041710